000 01311namaa2200301 i 4500
003 EG-GICUC
005 20260513100817.0
008 260510m1964196ule ||||jr|||| 001 0cara d
040 _aEG-GiCUC
_bara
_cEG-GiCUC
_dEG-GiCUC
_erda
082 0 4 _221
_a410.92
_bS9679bu 1964
092 0 4 _221
_a410.92
_bS9679bu 1964
099 _a410.92 S9679bu 1964
100 1 _aالسيوطي،
_d 1505-1445
_eمؤلف.
245 1 0 _aبغية الوعاة فى طبقات اللغويين والنحاة /
_cللحافظ جلال الدين عبد الرحمن السيوطى ؛ تحقيق محمد أبو الفضل ابراهيم
264 _aبيروت (لبنان) :
_bالمكتبة العصرية،
_c1964-196u
300 _a2 مجلد ؛
_c24 سم
_b.
336 _2rdacontent
_atext
337 _2rdamedia
_aUnmediated
338 _2rdacarrier
_avolume
504 _aيشتمل على ارجاعات ببليوجرافية وكشافات
541 _aد. / جابر عصفور ؛
_bالقاهرة ؛
_cإهداء ؛
_d2024.
650 1 7 _aاللغويون العرب
_2qrmak
650 1 7 _aاللغة العربية
_xالنحو
_vالاعمال الاولية حتى 1800
_2qrmak
651 1 _2qrmak
700 1 _aابراهيم، محمد ابو الفضل،
_eمحقق.
905 _aAmira
942 _2ddc
_cBK
_e21
_n0
999 _c180079
_d180079